AH International Schools' Libraries

Lucy & Toms 123 (Record no. 48094)

MARC details
000 -LEADER
fixed length control field 00367nam a22001217a 4500
008 - FIXED-LENGTH DATA ELEMENTS--GENERAL INFORMATION
fixed length control field 241211b |||||||| |||| 00| 0 eng d
020 ## - INTERNATIONAL STANDARD BOOK NUMBER
International Standard Book Number 9780140507959
100 ## - MAIN ENTRY--PERSONAL NAME
Personal name Shirley Hughes (Author)
9 (RLIN) 85860
245 ## - TITLE STATEMENT
Title Lucy & Toms 123
260 ## - PUBLICATION, DISTRIBUTION, ETC. (IMPRINT)
Place of publication, distribution, etc England, USA, Canada, New Zealand,
Name of publisher, distributor, etc Penguin Group
Date of publication, distribution, etc 1989
300 ## - PHYSICAL DESCRIPTION
Extent 32 p
Other physical details col. ill.
Dimensions 8.9 x 0.12 x 7.68 inches
942 ## - ADDED ENTRY ELEMENTS (KOHA)
Source of classification or shelving scheme
Holdings
Withdrawn status Lost status Source of classification or shelving scheme Damaged status Not for loan Collection code Home library Current library Shelving location Date acquired Full call number Barcode Date last seen Price effective from Koha item type
          Siem Riep Asian Hope Siem Reap Asian Hope Siem Reap Easy Reading 12/11/2024 E HUG 207775 12/11/2024 12/11/2024 Book

For any Logos Library related questions please contact Miss Art at swongnarasuk@asianhope.org.

For any Asian Hope Library related questions please contact Miss Raza at graza@asianhope.org.

Powered by Koha